| 000 -LEADER |
| fixed length control field |
00651nam a2200217Ia 4500 |
| 001 - CONTROL NUMBER |
| control field |
5551 |
| 003 - CONTROL NUMBER IDENTIFIER |
| control field |
GE_BSU |
| 008 - FIXED-LENGTH DATA ELEMENTS--GENERAL INFORMATION |
| fixed length control field |
181216s||||||||xx |||||||||||||| ||und|| |
| 040 ## - CATALOGING SOURCE |
| Transcribing agency |
GE_BSU |
| 100 ## - MAIN ENTRY--PERSONAL NAME |
| Personal name |
ბურჭულაძე, ს. |
| 245 ## - TITLE STATEMENT |
| Title |
ხაზვის კურსი. |
| 245 ## - TITLE STATEMENT |
| Remainder of title |
სახელმძღ. |
| 245 ## - TITLE STATEMENT |
| Statement of responsibility, etc. |
რედ. მ.ბასიშვილი, ი.სემიკინა |
| 250 ## - EDITION STATEMENT |
| Edition statement |
მესამე გამოცემა. |
| 260 ## - PUBLICATION, DISTRIBUTION, ETC. |
| Place of publication, distribution, etc. |
თბ. |
| 260 ## - PUBLICATION, DISTRIBUTION, ETC. |
| Name of publisher, distributor, etc. |
განათლება. |
| 260 ## - PUBLICATION, DISTRIBUTION, ETC. |
| Date of publication, distribution, etc. |
1971. |
| 300 ## - PHYSICAL DESCRIPTION |
| Extent |
340გვ; ილ; 27 სმ. |
| 653 ## - INDEX TERM--UNCONTROLLED |
| Uncontrolled term |
ხაზვა. |
| 942 ## - ADDED ENTRY ELEMENTS (KOHA) |
| Koha item type |
წიგნი |